Rendelkezés a személyi jövedelemadóról, az önkéntes kölcsönös biztosító pénztári tagság kedvezményezése

Bibliographic Details
Main Author: Balog Emese Katalin
Other Authors: Fellegi Dr. Miklós
Format: Thesis
Kulcsszavak:Öngondoskodás
Személyi jövedelemadó
Lakossági megtakarítás
Online Access:http://dolgozattar.uni-bge.hu/6228

MARC

LEADER 00000nta a2200000 i 4500
001 dolg6228
005 20160513170439.0
008 160513suuuu hu om 000 hun d
040 |a BGE Dolgozattár Repozitórium  |b hun 
041 |a hu 
100 1 |a Balog Emese Katalin 
245 1 0 |a Rendelkezés a személyi jövedelemadóról, az önkéntes kölcsönös biztosító pénztári tagság kedvezményezése  |c Balog Emese Katalin  |h [elektronikus dokumentum] 
695 |a Öngondoskodás 
695 |a Személyi jövedelemadó 
695 |a Lakossági megtakarítás 
700 1 |a Fellegi Dr. Miklós  |e ths 
856 4 0 |u http://dolgozattar.uni-bge.hu/6228/1/20160512_Balog_Emese_a6juja_szakdolgozat_bge_p%C3%BC_mester_signed.pdf  |z Dokumentum-elérés